Mort subite - Chansons de Madonna - Statistiques

Statistiques générales
  • Ce quiz a été pris 404 fois
  • Le résultat moyen est 10 sur 16
Answers on the Grid
Answers color-coded by a green-red scale on the quiz's grid according to % correct below.
Secret
8 minutes
Music
Celebration
The Good Island
4 minutes
Material Girl
Holiday
Elsa
French Life
Hung Up
La Isla Bonita
Ballroom
Into The Groove
American Life
Don't Cry for Me Argentina
Like a Preacher
Popular
Like a Virgin
On The Floor
Vogue
Barbie Girl
Frozen
Like a Prayer
 
Statistiques - réponses
Réponse % Correct
La Isla Bonita
85%
Like a Virgin
82%
Material Girl
82%
Hung Up
79%
Like a Prayer
75%
Vogue
74%
Holiday
72%
Into The Groove
66%
Frozen
62%
Music
61%
4 minutes
58%
Don't Cry for Me Argentina
57%
Celebration
50%
Secret
50%
American Life
47%
Popular
35%
Aucun quiz correspondant
Distribution des résultats
% des personnes avec chaque résultat
Percentile par nombre de réponses
Votre historique - résultats
Vous n’avez pas pris ce quiz